|
|
|
|
| LEADER |
00945nam a2200229 a 4500 |
| 001 |
57750799 |
| 008 |
090916s2005 enka 001 0 eng d |
| 020 |
|
|
|a 0141021136
|
| 020 |
|
|
|a 9780141021133
|
| 040 |
|
|
|a UKM
|c UKM
|d OCLCQ
|
| 082 |
0 |
4 |
|a 530.092
|2 22
|
| 100 |
1 |
|
|a Feynman, Richard Phillips.
|
| 245 |
1 |
0 |
|a Don't you have time to think? /
|c Richard P. Feynman, edited and with additional commentary by Michelle Feynman, Foreword by Timothy Ferris.
|
| 260 |
|
|
|a London :
|b Penguin,,
|c 2005.
|
| 300 |
|
|
|a xxi, 486 p. :
|b ill. ;
|c 24 cm.
|
| 504 |
|
|
|a Includes index.
|
| 541 |
1 |
|
|e 00019278
|
| 650 |
|
0 |
|a Feynman, Richard Phillips
|v Correspondence.
|
| 650 |
|
0 |
|a Physicists.
|v Correspondence.
|
| 852 |
4 |
|
|a Ayesha Abed Library
|j General shelf
|
| 999 |
|
|
|c 3967
|d 3967
|
| 952 |
|
|
|0 0
|1 4
|2 ddc
|4 0
|6 530_092000000000000_FEY
|7 0
|9 3656
|a BRACUL
|b BRACUL
|c GEN
|d 2009-09-15
|e Prothoma
|g 1295.00
|l 0
|o 530.092 FEY
|p 3010019278
|r 2009-09-17
|t 1
|w 2009-09-17
|y BK
|x Koha Inventory 2020
|